Movies Quiz

Random Movies or Disney Quiz

Disney Anthology Segment Matchup Quiz Stats

 Plays Quiz not verified by Sporcle

Challenge
Share
Tweet
Embed
Score 0/16 Timer 06:00
0 Plays Today
% Correct
Fun and Fancy Free
87%
Fantasia
85.2%
Fantasia
81.5%
Saludos Amigos
81.5%
Fantasia 2000
79.6%
Fantasia 2000
74.1%
Melody Time
72.2%
Fun and Fancy Free
66.7%
% Correct
The Three Caballeros
64.8%
Make Mine Music
63%
Melody Time
63%
Saludos Amigos
59.3%
The Reluctant Dragon
55.6%
The Three Caballeros
46.3%
Make Mine Music
44.4%
The Reluctant Dragon
42.6%

You're not logged in!

Compare scores with friends on all Sporcle quizzes.
OR
Log In

You Might Also Like...

Show Comments

Extras

Top Quizzes Today


Score Distribution

Your Account Isn't Verified!

In order to create a playlist on Sporcle, you need to verify the email address you used during registration. Go to your Sporcle Settings to finish the process.

Report this User

Report this user for behavior that violates our Community Guidelines.

Details: